Tabula viarum Romani Imperii

Publicado: Roma : ENIT , 1930
Descripción Física: 2 mapas : col.; 34 x 58 cm. pleg. a 17 x 12 cm

MARC

LEADER 00000nam a2200000Ia 4500
001 24426
003 BGR
005 20260410113707.0
008 160829s1930 xx 000 0 cat d
080 |a FU-67-10 
110 1 |a Itàlia  |b Govern  |b Ente Nazionale Industrie Turistiche  |9 71052 
245 |a Tabula viarum Romani Imperii 
260 |a Roma :  |b ENIT,  |c 1930 
300 |a 2 mapas :  |b  col.;  |c 34 x 58 cm. pleg. a 17 x 12 cm 
590 |a Text en italià 
650 |a Carreteres  |x Itàlia  |9 50434 
856 4 |u https://media.diba.cat/diba/fitxers/arxiu/fulletons/bib_24426_baixa.pdf  |y Accés lliure 
856 4 |u https://media.diba.cat/diba/fitxers/arxiu/fulletons/bib_24426_baixa.pdf  |y Accés lliure 
900 |a bib_24426_baixa.pdf 
901 |a Arxiu 
942 |n 1  |2 udc  |c MON 
952 |0 0  |1 0  |4 0  |6 FU6710  |7 1  |9 56032  |a Arxiu  |b Arxiu  |d 2016-12-01  |l 0  |o FU-67-10  |p 24426  |r 2016-12-01 00:00:00  |w 2016-12-01  |y ARXIU 
999 |c 59906  |d 59906